zpět

Detail výsledku týmu

Bounty Rock Cafe, Olomouc

Datum a čas kvízu

30 Celkem bodů Celkový počet nahraných bodů na tomto kvízu bez doplňovacích otázek.
6. Pořadí na kvízu Konečné umístění týmu na tomto kvízu.

Zaznamenané odpovědi

# Otázka Odpověď Body Výsledky
1. O tom, že Tomáš Tuhý míří do B... 0
2. Sobotní protesty proti zvyšová... 1
3. Třicetiletá oscarová zpěvačka... 0
4. Americký provozovatel celosvět... 1
5. Počet neproměněných penalt + p... 0
6. Čertů se v kultuře, zeměpisnýc... 0
7. Napište název pohádky z roku 2... 1
8. Tenkrát bylo veselo a dost mál... 0
9. Jak se jmenuje osada, nacházej... 0
10. "U nás ochutnat znamená ___!"... 0